<?xml version="1.0" encoding="UTF-8"?>
<record
    xmlns:xsi="http://www.w3.org/2001/XMLSchema-instance"
    xsi:schemaLocation="http://www.loc.gov/MARC21/slim http://www.loc.gov/standards/marcxml/schema/MARC21slim.xsd"
    xmlns="http://www.loc.gov/MARC21/slim">

  <leader>01144nam0a22002891  4500</leader>
  <controlfield tag="001">RU\NLR\INFOCOMM_17\5000677039</controlfield>
  <controlfield tag="005">20250613101516.0</controlfield>
  <datafield tag="035" ind1=" " ind2=" ">
    <subfield code="a">(NLR Aleph) 009381613</subfield>
  </datafield>
  <datafield tag="090" ind1=" " ind2=" ">
    <subfield code="a">7986234</subfield>
    <subfield code="c">7986234</subfield>
  </datafield>
  <datafield tag="100" ind1=" " ind2=" ">
    <subfield code="a">20101228d1982    |||y0rusy50      ca</subfield>
  </datafield>
  <datafield tag="101" ind1="1" ind2=" ">
    <subfield code="a">fre</subfield>
  </datafield>
  <datafield tag="102" ind1=" " ind2=" ">
    <subfield code="a">RU</subfield>
  </datafield>
  <datafield tag="105" ind1=" " ind2=" ">
    <subfield code="a">ah  ||||000|y</subfield>
  </datafield>
  <datafield tag="200" ind1="1" ind2=" ">
    <subfield code="a">Le Grand Palais du Kremlin de Moscou</subfield>
    <subfield code="e">[Album</subfield>
    <subfield code="f">R&#xE9;alisation et texte: G. Markova</subfield>
    <subfield code="g">Phot.: A. Alexandrov, E. Steinert</subfield>
    <subfield code="g">Trad. fr.: D. Dabbadie]</subfield>
  </datafield>
  <datafield tag="205" ind1=" " ind2=" ">
    <subfield code="a">2-&#x435; &#x438;&#x437;&#x434;.</subfield>
  </datafield>
  <datafield tag="210" ind1=" " ind2=" ">
    <subfield code="a">L.</subfield>
    <subfield code="c">Aurora</subfield>
    <subfield code="d">1982</subfield>
  </datafield>
  <datafield tag="215" ind1=" " ind2=" ">
    <subfield code="a">33, [21] &#x441;., 86 &#x43B;. &#x438;&#x43B;., &#x446;&#x432;. &#x438;&#x43B;.</subfield>
    <subfield code="c">&#x438;&#x43B;., &#x444;&#x430;&#x43A;&#x441;., &#x446;&#x432;. &#x438;&#x43B;.</subfield>
    <subfield code="d">24 &#x441;&#x43C;</subfield>
  </datafield>
  <datafield tag="300" ind1=" " ind2=" ">
    <subfield code="a">&#x412; &#x432;&#x44B;&#x43F;. &#x434;&#x430;&#x43D;.: &#x411;&#x43E;&#x43B;&#x44C;&#x448;&#x43E;&#x439; &#x41A;&#x440;&#x435;&#x43C;&#x43B;&#x435;&#x432;&#x441;&#x43A;&#x438;&#x439; &#x434;&#x432;&#x43E;&#x440;&#x435;&#x446;: &#x410;&#x43B;&#x44C;&#x431;&#x43E;&#x43C;</subfield>
  </datafield>
  <datafield tag="320" ind1=" " ind2=" ">
    <subfield code="a">&#x411;&#x438;&#x431;&#x43B;&#x438;&#x43E;&#x433;&#x440;.: &#x441;. [21]</subfield>
  </datafield>
  <datafield tag="601" ind1="0" ind2="2">
    <subfield code="a">&#x411;&#x43E;&#x43B;&#x44C;&#x448;&#x43E;&#x439; &#x41A;&#x440;&#x435;&#x43C;&#x43B;&#x435;&#x432;&#x441;&#x43A;&#x438;&#x439; &#x434;&#x432;&#x43E;&#x440;&#x435;&#x446;</subfield>
    <subfield code="c">&#x41C;&#x43E;&#x441;&#x43A;&#x432;&#x430;</subfield>
    <subfield code="x">&#x410;&#x440;&#x445;&#x438;&#x442;&#x435;&#x43A;&#x442;&#x443;&#x440;&#x430;</subfield>
    <subfield code="j">&#x410;&#x43B;&#x44C;&#x431;&#x43E;&#x43C;&#x44B;</subfield>
    <subfield code="2">PSBO</subfield>
  </datafield>
  <datafield tag="686" ind1=" " ind2=" ">
    <subfield code="a">&#x429;113(2&#x420;-&#x420;)92&#x41C;&#x43E;&#x441;&#x43A;&#x432;&#x430;7&#x41A;&#x440;&#x435;&#x43C;&#x43B;&#x44C;</subfield>
    <subfield code="2">rubbk</subfield>
  </datafield>
  <datafield tag="702" ind1=" " ind2="1">
    <subfield code="a">Markova</subfield>
    <subfield code="b">G. A.</subfield>
    <subfield code="g">Galina Anatol'evna</subfield>
    <subfield code="4">220</subfield>
  </datafield>
  <datafield tag="801" ind1=" " ind2="1">
    <subfield code="a">RU</subfield>
    <subfield code="b">NLR</subfield>
    <subfield code="c">20101228</subfield>
  </datafield>
  <datafield tag="801" ind1=" " ind2="0">
    <subfield code="a">RU</subfield>
    <subfield code="b">NLR</subfield>
    <subfield code="g">PSBO</subfield>
  </datafield>
  <datafield tag="852" ind1=" " ind2=" ">
    <subfield code="a">NLR</subfield>
    <subfield code="j">&#x42D; &#x410;&#x43B;&#x422;63/2-&#x41C;821</subfield>
  </datafield>
  <datafield tag="942" ind1=" " ind2=" ">
    <subfield code="c">BOOK</subfield>
  </datafield>
  <datafield tag="980" ind1=" " ind2=" ">
    <subfield code="a">NB</subfield>
  </datafield>
  <datafield tag="995" ind1=" " ind2=" ">
    <subfield code="5">2013-10-26</subfield>
    <subfield code="b">NLR02</subfield>
    <subfield code="c">NLR02</subfield>
    <subfield code="e">EST01</subfield>
    <subfield code="f">9381613-10</subfield>
    <subfield code="k">&#x42D; &#x410;&#x43B;&#x422;63/2-&#x41C;821</subfield>
    <subfield code="o">0</subfield>
    <subfield code="r">BOOK</subfield>
    <subfield code="s">_632821</subfield>
  </datafield>
</record>
